000
00323nam a22000977a 4500
100
_a
जैन,प्रभाकिरण
_9
79486
245
_a
चाणक्य
260
_a
दिल्ली
_b
भारतीय ज्ञानपीठ
_c
2017
650
_a
चिल्ड्रन बुक
_9
159
942
_c
HIN
999
_c
63136
_d
63136